MARC details
| 000 -LEADER |
| campo de control de longitud fija |
01816nam a2200421 i 4500 |
| 001 - NÚMERO DE CONTROL |
| campo de control |
193055 |
| 003 - IDENTIFICADOR DE NÚMERO DE CONTROL |
| campo de control |
SpMaBN |
| 005 - FECHA Y HORA DE LA ÚLTIMA TRANSACCIÓN |
| campo de control |
20240924115928.0 |
| 007 - CAMPO FIJO DE DESCRIPCIÓN FÍSICA--INFORMACIÓN GENERAL |
| campo de control de longitud fija |
ta |
| 008 - DATOS DE LONGITUD FIJA--INFORMACIÓN GENERAL |
| campo de control de longitud fija |
230726s2018 sp a | |||| 000 0 spa |
| 015 ## - NÚMERO DE BIBLIOGRAFÍA NACIONAL |
| Número de bibliografía nacional |
MON18 |
| 017 ## - NÚMERO DE COPYRIGHT O DE DEPÓSITO LEGAL |
| Número de copyright o de depósito legal |
M 34661-2018 |
| Agencia que asigna |
Oficina Depósito Legal Madrid |
| 020 ## - NÚMERO INTERNACIONAL ESTÁNDAR DEL LIBRO |
| Número Internacional Estándar del Libro |
9788494640087 |
| 035 ## - NÚMERO DE CONTROL DEL SISTEMA |
| Número de control de sistema |
(OCoLC)1192400281 |
| 035 ## - NÚMERO DE CONTROL DEL SISTEMA |
| Número de control de sistema |
a6607811 |
| 040 ## - FUENTE DE CATALOGACIÓN |
| Centro catalogador/agencia de origen |
SpMaBN |
| Lengua de catalogación |
spa |
| Centro/agencia transcriptor |
SpMaBN |
| Normas de descripción |
rda |
| Centro/agencia modificador |
Es-MaACL |
| 080 ## - NÚMERO DE LA CLASIFICACIÓN DECIMAL UNIVERSAL |
| Número de la Clasificación Decimal Universal |
82-1"19/20"(082.2) |
| 245 03 - MENCIÓN DEL TÍTULO |
| Título |
El amor es como el mar : |
| Resto del título |
antología colectiva internacional poética y narrativa, de 77 autores, con fines solidarios hacia el campo de refugiados palestinos de Rafah, en la Franja de Gaza, Palestina / |
| Mención de responsabilidad, etc. |
María Victoria Caro Bernal, directora y antóloga del libro |
| 250 ## - MENCION DE EDICION |
| Mención de edición |
Primera edición: diciembre, 2018 |
| 264 #1 - PRODUCCIÓN, PUBLICACIÓN, DISTRIBUCIÓN, FABRICACIÓN Y COPYRIGHT |
| Producción, publicación, distribución, fabricación y copyright |
Madrid : |
| Nombre del de productor, editor, distribuidor, fabricante |
Nueva Estrella Editorial, |
| Fecha de producción, publicación, distribución, fabricación o copyright |
[2018] |
| 300 ## - DESCRIPCIÓN FÍSICA |
| Extensión |
150 páginas : |
| Otras características físicas |
ilustraciones (blanco y negro y color) ; |
| Dimensiones |
23 cm |
| 336 ## - TIPO DE CONTENIDO |
| Término de tipo de contenido |
Texto |
| Fuente |
rdacontent |
| 337 ## - TIPO DE MEDIO |
| Nombre/término del tipo de medio |
sin mediación |
| Fuente |
rdamedia |
| 338 ## - TIPO DE SOPORTE |
| Nombre/término del tipo de soporte |
volumen |
| Fuente |
rdacarrier |
| 490 1# - MENCIÓN DE SERIE |
| Mención de serie |
Voces amigas : colección de poesía y relato ; |
| Designación de volumen o secuencia |
1 |
| 650 #4 - PUNTO DE ACCESO ADICIONAL DE MATERIA--TÉRMINO DE MATERIA |
| Término de materia o nombre geográfico como elemento de entrada |
Poesía- |
| Subdivisión cronológica |
S.XX |
| 9 (RLIN) |
16200 |
| 650 #7 - PUNTO DE ACCESO ADICIONAL DE MATERIA--TÉRMINO DE MATERIA |
| Término de materia o nombre geográfico como elemento de entrada |
Poesía- |
| Subdivisión cronológica |
S.XXI |
| 9 (RLIN) |
147673 |
| 655 #0 - TERMINO DE INDIZACIÓN--GENERO/FORMA |
| Datos o término principal de género/forma |
Antologías |
| Fuente del término |
tgfbne |
| 9 (RLIN) |
176540 |
| 700 1# - ENTRADA AGREGADA--NOMBRE PERSONAL |
| Nombre de persona |
Caro Bernal, María Victoria, |
| Fechas asociadas al nombre |
1960- |
| Término indicativo de función/relación |
Editor literario |
| 9 (RLIN) |
159438 |
| 830 ## - PUNTO DE ACCESO ADICIONAL DE SERIE-TÍTULO UNIFORME |
| Título uniforme |
Voces amigas : colección de poesía y relato ; |
| 9 (RLIN) |
233880 |
| Designación de volumen o secuencia |
1 |
| 852 ## - LOCALIZACIÓN |
| Ubicación |
ES-MaACL |
| Sublocalización o colección |
R. 152712 |
| Ubicación en estantería |
Depósito J |
| Número de control de estantería |
N-9013 |
| Donativo/Legado |
Donación: María Victoria Caro Bernal |
| Encuadernación |
Rústica con solapas |
| Nota libre |
En proceso |
| itemnumber |
200360 |
| 903 ## - NOMBRE PERSONAL DE DONANTE |
| a |
Caro Bernal, María Victoria, |
| d |
1960- |
| e |
Donante |
| 9 |
159438 |
| 942 ## - ELEMENTOS DE ENTRADA SECUNDARIOS (KOHA) |
| Suprimir en OPAC |
No |
| Tipo de ítem Koha |
Libro impreso |